01540 2200421 4500001002100000005001500021035002000036007000300056008004100059020002200100082001400122084001600136100003000152245028600182250003000468300004000498650001400538700002700552700002500579700003400604700003800638700004200676700002500718700003000743700003500773700004100808700002600849504003400875264003500909336002100944337003000965338002300995040002201018090002201040850001201062999002201074990002201096INLIS00000000089436920250317011920 a0010-0325000450ta250317s2024 yoia g ind d a978-602-498-815-904223a519.5 a519.5 HER s0 aHeri RetnawatiePengarang10aStatistika multivariat dengan program R :bteori dan contoh aplikatif /cHeri Retnawati, Samsul Hadi, Kartianom, Krisna Merdekawati, Andi Harpeni Dewantara, Yustina Dwi Sofiani Lawung, Widayanti, Artina Diniaty, Yessica Mega Aprita, Widinda Normalia Arlianty; penyunting, Ibnu Rafi aCetakan Pertama, Mei 2024 aviii, 176 halaman :btabel ;c23 cm 4aStatistik0 aSamsul HadiePengarang0 aKartianomePengarang0 aKrisna MerdekawatiePengarang0 aAndi Harpeni DewantaraePengarang0 aYustina Dwi Sofiani LawungePengarang0 aWidayantiePengarang0 aArtina DiniatyePengarang0 aYessica Mega ApritaePengarang0 aWidinda Normalia ArliantyePengarang0 aIbnu RafiePenyunting aBibliografi : halaman 166-17031aYogyakarta :bUNY Press,c2024 2rdacontentateks 2rdamediaatanpa perantara 2rdacarrieravolume aYOPDYOGbinderda aCB-D.11 2024-5629 aYOPDYOG aCB-D.11/2024-5629 aCB-D.11/2024-5629